000 00331nam a2200133 i 4500
001 bg
100 1 _aKELLER, F. E.
245 0 _aGrafy kodow kodirujuscie i dekodirujuscie ustrojstwa /
_cF.E. Keller.
260 _aLeningrad,
_c1972.
040 _cBPK
041 _apol
942 _cKS
008 s pl f |000 0 pol
999 _c14959
_d14959
856 _uhttp://koha.tu.koszalin.pl/cgi-bin/koha/opac-detail.pl?biblionumber=14959
_yKatalog online BPK